Arte y literatura fantásticas /
Guardado en:
| Autor Principal: | |
|---|---|
| Formato: | Libro |
| Publicado: |
Buenos Aires :
Eudeba,
1965
|
| Materias: | |
| Etiquetas: |
Agregar Etiqueta
Sin Etiquetas, Sea el primero en etiquetar este registro!
|
| LEADER | 00739nam a22002175a 4500 | ||
|---|---|---|---|
| 001 | CEM.cems006474 | ||
| 005 | 20060214000000.0 | ||
| 008 | 130507s1965##################000#0#####d | ||
| 003 | CEMS | ||
| 082 | 0 | 4 | |a 709.03 |
| 100 | 1 | |a Vax, Louis | |
| 245 | 1 | 0 | |a Arte y literatura fantásticas / |
| 260 | |a Buenos Aires : |b Eudeba, |c 1965 | ||
| 300 | |a 128 p. | ||
| 505 | 0 | |a Del arte paleocristiano a la tradici¢n bizantina (s. IV-VIII).-Iconoclasia y clasicismo bizantino (s.VIII-XII).-Final de la Edad Media. | |
| 653 | |a Arte | ||
| 653 | |a Arte fantastico | ||
| 653 | |a Fantasia | ||
| 653 | |a Literatura fantastica | ||
| 859 | |a CEMS |b BIB. CEMS - 11 de abril |h 709.03 |i V473 |p 3521.75 |t Ej.1 | ||
| 859 | |a CEMS |b BIB. CEMS - 11 de abril |h 709.03 |i V473 |p 4762.76 |t Ej.2 | ||
